000 01063nam a22003137a 4500
001 5229
003 FISKH
005 20241120122538.0
008 241120b cb ||||| |||| 00| 0 eng d
020 _a078073004997
040 _aFISKH
_beng
_cFISKH
_dFISKH
050 _aE185.B567
082 _a920.7208996073
100 _aBolden, Tonya
245 _aAnd Not Afraid To Dare :
_bThe Stories of Ten African-American Women /
_cby Tonya Bolden
250 _aFirst Scholastic paperback printing, January 2003
260 _aNew York :
_bScholastic ;
_c1998.
300 _a216 pages :
_billustrations ;
_c20 cm .
505 _aZ
520 _aBiographical portraits of ten African-American women including Leontyne Price, Toni Morrison, and Jackie Joyner-Kersee.
521 8 _a1170
_bLexile
521 8 _aZ
_bRaz-Plus
650 _aJackie Joyner-Kersee
_vnon-fiction
650 _ashort stories
_vnon-fiction
650 _afeminism
_vnon-fiction
700 _aParisi, Elizabeth B.
_eBook designer
942 _2ddc
_cBK
_n0
999 _c5229
_d5229